Strength Of Materials (Record no. 5245)

MARC details
000 -LEADER
fixed length control field 00357nam a22001577a 4500
005 - DATE AND TIME OF LATEST TRANSACTION
control field 20160916100228.0
008 - FIXED-LENGTH DATA ELEMENTS--GENERAL INFORMATION
fixed length control field 160916b xxu||||| |||| 00| 0 eng d
020 ## - INTERNATIONAL STANDARD BOOK NUMBER
ISBN 978-81-219-2822-2
041 ## - LANGUAGE CODE
Language code of text/sound track or separate title eng
100 ## - MAIN ENTRY--AUTHOR NAME
Personal name Khurmi,R.S
245 ## - TITLE STATEMENT
Title Strength Of Materials
260 ## - PUBLICATION, DISTRIBUTION, ETC. (IMPRINT)
Name of publisher S.Chand
300 ## - PHYSICAL DESCRIPTION
Number of Pages 916
650 ## - SUBJECT ADDED ENTRY--TOPICAL TERM
Topical Term Engineering
942 ## - ADDED ENTRY ELEMENTS (KOHA)
Koha item type Books
Holdings
Lost status Damaged status Collection code Home library Current library Shelving location Date acquired Source of acquisition Cost, normal purchase price Accession Number Koha item type
    Reference JRU Library   SHELF-42-I 16/09/2016 PURCHASE 795.00 21229 Books
      JRU Library   SHELF-42-I 16/09/2016 PURCHASE 795.00 21230 Books
      JRU Library   SHELF-42-I 16/09/2016 PURCHASE 795.00 21231 Books